000 00506nam a2200157 a 4500
001 000037451
005 20200930080358.0
008 120418s1997 dr a 000 0 spa d
040 _aDO-SdBNP
_bspa
_cBNPHU
245 0 0 _aPerfil de inversión del limón agrio.
260 _aSanto Domingo :
_bJunta Agroempresarial Dominicana,
_c1997.
300 _a39 p. :
_bil. ;
_c25 cm.
490 1 _aDocumentos técnicos
_v7
740 2 2 _aJunta Agroempresarial Dominicana (JAD)
830 0 _aDocumentos técnicos
_n7
_963902
999 _c36941
_d36941